000 00413nam a2200157Ia 4500
005 20250423095309.0
008 250422s9999 xx 000 0 und d
020 _a9780558521875
050 _aHF 5625.15 .E84/
245 0 _aEthical and professional standards quantitative methods and economics: level II
260 _aNew York
260 _bCFA institute
260 _c2011
300 _a733 p
942 _cBK
999 _c29842
_d29842